[Event "Bangkok Big Rook op"]
[Site "Bangkok"]
[Date "2024.02.25"]
[Round "4"]
[White "Siriponlai, Sivakorn"]
[Black "Salvador, Louie"]
[Result "0-1"]
[WhiteElo "1598"]
[BlackElo "2143"]
[PlyCount "136"]
[EventDate "2024.02.23"]
[EventType "swiss"]
[EventRounds "7"]
[EventCountry "THA"]
[SourceTitle "CB10_2024"]
[SourceDate "2024.03.06"]
[SourceVersion "1"]
[SourceVersionDate "2024.03.06"]
[SourceQuality "1"]

1. e4 c5 2. c3 Nf6 3. e5 Nd5 4. Nf3 d6 5. Bb5+ Bd7 6. Bc4 e6 7. d4 Nb6 8. Bb3 cxd4 9. cxd4 dxe5 10. dxe5 Bb4+ 11. Bd2 Be7 12. Nc3 Bc6 13. 0-0 N8d7 14. Re1 Nc5 15. Be3 0-0 16. Nd4 Nxb3 17. Nxc6 bxc6 18. Qxb3 Nd5 19. Rad1 Qc7 20. Nxd5 cxd5 21. Bd4 Rfc8 22. Qc3 Qd7 23. Qd3 Qa4 24. a3 Qc4 25. Re3 a5 26. Qxc4 Rxc4 27. Rc3 Rxc3 28. Bxc3 a4 29. Kf1 Kf8 30. Rd4 Ke8 31. Bb4 Bd8 32. Bd6 Bb6 33. Rb4 Ra6 34. Ke2 h5 35. b3 axb3 36. Rxb3 Kd7 37. Rg3 g6 38. Rf3 Ke8 39. Rb3 Kd7 40. Rf3 Ke8 41. Rc3 Ra7 42. Rb3 Bc7 43. Bxc7 Rxc7 44. Rb8+ Kd7 45. a4 Ra7 46. Rb4 Kc6 47. Kd3 Rb7 48. Kc3 Ra7 49. Kd4 Ra5 50. h4 Ra8 51. f3 Ra5 52. g4 Ra8 53. Kc3 hxg4 54. fxg4 Rh8 55. g5 Ra8 56. Kd4 Ra7 57. Kc3 Ra6 58. Rf4 Ra7 59. Rb4 Rb7 60. Rxb7 Kxb7 61. Kb3 Kc6 62. Kb4 Kb6 63. Kb3 Ka5 64. Ka3 d4 65. Kb3 d3 66. Kc3 Kxa4 67. Kxd3 Kb5 68. Kd4 Kb4 0-1

[Event "Titled Tuesday intern op 14th Nov Early"]
[Site "Chess.com INT"]
[Date "2023.11.14"]
[Round "4"]
[White "Nastase, Robert Paul"]
[Black "Salvador, Louie"]
[Result "0-1"]
[WhiteElo "2226"]
[BlackElo "2143"]
[PlyCount "76"]
[EventDate "2023.11.14"]
[EventType "swiss (blitz)"]
[EventRounds "11"]
[EventCountry "USA"]
[SourceTitle "CB47_2023"]
[SourceDate "2023.11.22"]
[SourceVersion "1"]
[SourceVersionDate "2023.11.22"]
[SourceQuality "1"]

1. a3 d5 2. f4 Bf5 3. Nf3 e6 4. g3 h6 5. Bg2 Nf6 6. d3 Bc5 7. e3 0-0 8. 0-0 a5 9. b3 Bh7 10. Qe2 c6 11. Bb2 Ng4 12. Nd4 Nf6 13. Kh1 Nbd7 14. Nf3 Qb6 15. Re1 Rfe8 16. Nbd2 Ng4 17. Nd4 Ngf6 18. N4f3 Bd6 19. e4 e5 20. f5 Bc5 21. Nh4 Bd4 22. c3 Bf2 23. Rf1 Be3 24. b4 axb4 25. axb4 Red8 26. Bf3 dxe4 27. Nc4 exf3 28. Qxe3 Qxe3 29. Nxe3 Rxa1 30. Rxa1 Nb6 31. Rd1 e4 32. c4 Rxd3 33. Rxd3 exd3 34. Bxf6 gxf6 35. Nxf3 Nd7 36. Kg2 Ne5 37. g4 Kf8 38. h3 Ke7 0-1

[Event "Bangkok Rooky op"]
[Site "Bangkok"]
[Date "2023.10.23"]
[Round "6"]
[White "Salvador, Louie"]
[Black "Mathan, Priyaen"]
[Result "1-0"]
[WhiteElo "2167"]
[BlackElo "1562"]
[PlyCount "59"]
[EventDate "2023.10.20"]
[EventType "swiss"]
[EventRounds "7"]
[EventCountry "THA"]
[SourceTitle "Mega2024 Update 01"]
[Source "Chessbase"]
[SourceDate "2023.11.12"]
[SourceVersion "1"]
[SourceVersionDate "2023.11.12"]
[SourceQuality "1"]

1. e4 e6 2. d4 d5 3. Nd2 Nf6 4. e5 Nfd7 5. Bd3 c5 6. c3 Nc6 7. Ne2 cxd4 8. cxd4 f6 9. Nf4 Nxd4 10. Qh5+ Ke7 11. Ng6+ hxg6 12. exf6+ Nxf6 13. Qxh8 Kf7 14. 0-0 e5 15. Nb3 Nxb3 16. axb3 Bf5 17. Be2 Bc5 18. Qh4 Qh8 19. Qg3 Bd6 20. Qe3 d4 21. Bc4+ Kf8 22. Qg3 a6 23. b4 Rc8 24. Bb3 Rc7 25. b5 Ne4 26. Qf3 Nd2 27. Qd5 Rd7 28. Bxd2 e4 29. g3 Bxg3 30. Qc5+ 1-0

[Event "Bangkok Big Rook op"]
[Site "Bangkok"]
[Date "2023.05.07"]
[Round "6"]
[White "Sek, Konstantin"]
[Black "Salvador, Louie"]
[Result "1-0"]
[WhiteElo "2425"]
[BlackElo "2166"]
[PlyCount "99"]
[EventDate "2023.05.04"]
[EventType "swiss"]
[EventRounds "7"]
[EventCountry "THA"]
[SourceTitle "CBM 214 Extra"]
[Source "ChessBase"]
[SourceDate "2023.07.31"]
[SourceVersion "1"]
[SourceVersionDate "2023.07.31"]
[SourceQuality "1"]

1. e4 c5 2. Nf3 d6 3. d4 cxd4 4. Nxd4 Nf6 5. Nc3 a6 6. h3 e5 7. Nb3 Nbd7 8. g4 h6 9. a4 b6 10. Bg2 Bb7 11. h4 Be7 12. Be3 Nf8 13. Qe2 Qc7 14. 0-0-0 Bc6 15. Kb1 Qb7 16. Bc1 Ne6 17. g5 Nd7 18. g6 fxg6 19. Qg4 Nef8 20. f4 Nf6 21. Qg3 Nh5 22. Qf3 Nxf4 23. Bxf4 exf4 24. Qxf4 Nd7 25. Nd4 Rf8 26. Qg3 Ne5 27. Nf3 Nxf3 28. Bxf3 Rf6 29. Rhe1 Kf8 30. Nd5 Bxd5 31. Rxd5 Qc7 32. Qg2 Rd8 33. Red1 Kg8 34. Be2 Rdf8 35. Qg3 Qc6 36. Qb3 Kh8 37. Bxa6 Rf4 38. Bb5 Qc8 39. h5 g5 40. e5 dxe5 41. Qe3 Rf2 42. Bd3 Qg4 43. Re1 Qxa4 44. b3 Qf4 45. Qxb6 Qd2 46. Rdxe5 R2f6 47. Qb7 Bb4 48. R5e2 Qxe1+ 49. Rxe1 Bxe1 50. Kb2 1-0

[Event "Pattaya CAD op"]
[Site "Pattaya"]
[Date "2023.04.04"]
[Round "7"]
[White "Sanjay, Vasu"]
[Black "Salvador, Louie"]
[Result "0-1"]
[WhiteElo "1486"]
[BlackElo "2155"]
[PlyCount "66"]
[EventDate "2023.04.01"]
[EventType "swiss"]
[EventRounds "7"]
[EventCountry "THA"]
[SourceTitle "CBM 213 Extra"]
[Source "ChessBase"]
[SourceDate "2023.05.31"]
[SourceVersion "1"]
[SourceVersionDate "2023.05.31"]
[SourceQuality "1"]

1. e4 c5 2. Nf3 d6 3. d4 cxd4 4. Nxd4 Nf6 5. Nc3 a6 6. Be3 e5 7. Nb3 Be7 8. f3 Be6 9. Qd2 Nbd7 10. 0-0-0 0-0 11. g4 b5 12. g5 b4 13. Nd5 Nxd5 14. exd5 Bf5 15. h4 a5 16. Bd3 Bxd3 17. Qxd3 a4 18. Nd2 Qa5 19. h5 b3 20. a3 bxc2 21. Rdg1 Rab8 22. Ne4 Rb3 23. Nc3 Nc5 24. Bxc5 Qxc5 25. g6 fxg6 26. h6 Rfb8 27. Kxc2 Rxb2+ 28. Kd1 R8b3 29. Rxg6 hxg6 30. h7+ Kh8 31. Qxg6 Qd4+ 32. Ke1 Qd2+ 33. Kf1 Qf2# 0-1

[Event "Thailand Team op"]
[Site "Bangkok"]
[Date "2022.12.06"]
[Round "7.2"]
[White "Plakwongsirikul, Sakkaranant"]
[Black "Salvador, Louie"]
[Result "0-1"]
[WhiteElo "1567"]
[BlackElo "2156"]
[PlyCount "101"]
[EventDate "2022.12.03"]
[EventType "team-swiss"]
[EventRounds "9"]
[EventCountry "THA"]
[SourceTitle "CBM 211 Extra"]
[Source "ChessBase"]
[SourceDate "2023.01.31"]
[SourceVersion "1"]
[SourceVersionDate "2023.01.31"]
[SourceQuality "1"]
[WhiteTeam "Chula Baka Bobo"]
[BlackTeam "Big Rook e4"]
[WhiteTeamCountry "THA"]
[BlackTeamCountry "THA"]

1. e4 c5 2. Nf3 d6 3. Bb5+ Nd7 4. c3 Ngf6 5. d3 a6 6. Ba4 e6 7. 0-0 Be7 8. Re1 b5 9. Bc2 Bb7 10. Nbd2 0-0 11. Nf1 Re8 12. d4 cxd4 13. cxd4 Rc8 14. Ng3 e5 15. Bb3 h6 16. h3 Bf8 17. d5 Nc5 18. Bc2 a5 19. a3 a4 20. Bd2 Nfd7 21. Bb4 Nb6 22. Nd2 g6 23. Ba5 Ra8 24. Bc3 h5 25. Qf3 Bh6 26. Ngf1 Rf8 27. b4 axb3 28. Nxb3 Nca4 29. Bd2 Bxd2 30. Nfxd2 Rc8 31. Bd3 Nc4 32. Rac1 Ba6 33. Qe2 Qb6 34. Nf3 Kg7 35. Nbd2 Nxa3 36. Ra1 Nc2 37. Bxc2 Rxc2 38. Qd3 Rfc8 39. Reb1 R8c3 40. Qe2 Nc5 41. Ne1 b4 42. Rxa6 Qxa6 43. Qxa6 Nxa6 44. Nxc2 Rxc2 45. Nb3 Nc5 46. f3 f5 47. exf5 gxf5 48. Na5 e4 49. Rxb4 e3 50. Rc4 e2 51. Rxc5 0-1

[Event "Thailand Team op"]
[Site "Bangkok"]
[Date "2022.12.04"]
[Round "3.2"]
[White "Salvador, Louie"]
[Black "Burbach, Brunel Baron"]
[Result "1/2-1/2"]
[WhiteElo "2156"]
[BlackElo "1886"]
[PlyCount "76"]
[EventDate "2022.12.03"]
[EventType "team-swiss"]
[EventRounds "9"]
[EventCountry "THA"]
[SourceTitle "CBM 211 Extra"]
[Source "ChessBase"]
[SourceDate "2023.01.31"]
[SourceVersion "1"]
[SourceVersionDate "2023.01.31"]
[SourceQuality "1"]
[WhiteTeam "Big Rook e4"]
[BlackTeam "Pattaya Shark"]
[WhiteTeamCountry "THA"]
[BlackTeamCountry "THA"]

1. e4 c5 2. Nf3 e6 3. d4 cxd4 4. Nxd4 Nf6 5. Nc3 Nc6 6. Nxc6 bxc6 7. e5 Nd5 8. Ne4 Qc7 9. f4 Qb6 10. c4 Bb4+ 11. Ke2 Ba6 12. Kf3 f5 13. Nf2 Ne7 14. Be3 c5 15. Kg3 g5 16. fxg5 Ng6 17. a3 Ba5 18. Nd3 Bxc4 19. b4 Bxd3 20. bxa5 Qb2 21. Bxd3 f4+ 22. Bxf4 Nxf4 23. Kxf4 Qf2+ 24. Kg4 Qxg2+ 25. Kh4 Qf2+ 26. Kh3 Qe3+ 27. Kg2 Qxg5+ 28. Kf1 Rf8+ 29. Ke1 Qxe5+ 30. Kd2 Rf2+ 31. Be2 Rb8 32. Ra2 Qd5+ 33. Ke3 Rxe2+ 34. Rxe2 Rb3+ 35. Kf2 Qf3+ 36. Kg1 Qg4+ 37. Kf1 Qf3+ 38. Kg1 Qg4+ 1/2-1/2

[Event "Chiang Mai op 20th"]
[Site "Chiangmai"]
[Date "2022.10.27"]
[Round "6.9"]
[White "Salvador, Louie"]
[Black "Priasmoro, Novendra"]
[Result "0-1"]
[WhiteElo "2180"]
[BlackElo "2512"]
[PlyCount "106"]
[EventDate "2022.10.22"]
[EventType "swiss"]
[EventRounds "9"]
[EventCountry "THA"]
[SourceTitle "EXT 2024"]
[Source "ChessBase"]
[SourceDate "2023.10.10"]
[SourceVersion "1"]
[SourceVersionDate "2023.10.10"]
[SourceQuality "1"]

1. e4 c5 2. Nf3 Nc6 3. d4 cxd4 4. Nxd4 Nf6 5. Nc3 d6 6. Bg5 e6 7. Bb5 Bd7 8. Qd3 h6 9. Bh4 Be7 10. 0-0-0 Rc8 11. Kb1 Qb6 12. Nb3 Ne5 13. Bxd7+ Nfxd7 14. Qh3 g5 15. f4 Ng6 16. f5 Nf4 17. Qf3 Ne5 18. Qf1 Ng4 19. Qf3 Ne5 20. Qf1 Qa6 21. Bf2 Qxf1 22. Rhxf1 a6 23. Nd4 Kd7 24. Bg3 Nc4 25. Bxf4 gxf4 26. Rf2 Bf6 27. Nde2 Be5 28. Rd3 Rhg8 29. Rh3 b5 30. a3 a5 31. fxe6+ fxe6 32. Rxh6 b4 33. axb4 axb4 34. Na4 Ra8 35. b3 Nd2+ 36. Kc1 Nxe4 37. Rxf4 Bxf4+ 38. Nxf4 Raf8 39. Rh7+ Kc6 40. Nxe6 Rf1+ 41. Kb2 Rxg2 42. Nd8+ Kd5 43. Nb6+ Kd4 44. Rc7 Rgg1 45. Rc4+ Ke3 46. Nd5+ Kf2 47. Nxb4 Rb1+ 48. Ka3 Ra1+ 49. Na2 d5 50. Rc7 d4 51. Nc6 Nc3 52. Rf7+ Ke3 53. Ncb4 Rg8 0-1

[Event "Chiang Mai op 20th"]
[Site "Chiangmai"]
[Date "2022.10.24"]
[Round "3"]
[White "Salvador, Louie"]
[Black "Lalith, Babu MR"]
[Result "1/2-1/2"]
[WhiteElo "2180"]
[BlackElo "2550"]
[PlyCount "56"]
[EventDate "2022.10.22"]
[EventType "swiss"]
[EventRounds "9"]
[EventCountry "THA"]
[SourceTitle "EXT 2024"]
[Source "ChessBase"]
[SourceDate "2023.10.10"]
[SourceVersion "1"]
[SourceVersionDate "2023.10.10"]
[SourceQuality "1"]

1. e4 e5 2. Nf3 Nc6 3. Bc4 Nf6 4. Ng5 d5 5. exd5 Na5 6. Bb5+ c6 7. dxc6 bxc6 8. Bd3 Bd6 9. 0-0 0-0 10. Nc3 h6 11. Nge4 Nxe4 12. Nxe4 Bc7 13. Re1 f5 14. Nc3 Qd4 15. Bf1 Bb6 16. Qe2 e4 17. d3 exd3 18. cxd3 f4 19. Ne4 Ba6 20. Qf3 Rad8 21. Bxf4 Bxd3 22. Bxd3 Qxd3 23. Qxd3 Rxd3 24. Be5 Nc4 25. Bc3 Nd6 26. Kh1 Nxe4 27. Rxe4 Rxf2 28. Rae1 Bd8 1/2-1/2

[Event "Phuket Blue Chevaliers op"]
[Site "Phuket"]
[Date "2022.07.13"]
[Round "4"]
[White "Salvador, Louie"]
[Black "Makarov, Nikolay Val"]
[Result "1-0"]
[WhiteElo "2151"]
[BlackElo "2263"]
[PlyCount "99"]
[EventDate "2022.07.11"]
[EventType "swiss"]
[EventRounds "9"]
[EventCountry "THA"]
[SourceTitle "CBM 209 Extra"]
[Source "ChessBase"]
[SourceDate "2022.09.30"]
[SourceVersion "1"]
[SourceVersionDate "2022.09.30"]
[SourceQuality "1"]

1. e4 c5 2. Nf3 Nc6 3. d4 cxd4 4. Nxd4 Nf6 5. Nc3 e5 6. Ndb5 d6 7. Bg5 a6 8. Bxf6 gxf6 9. Na3 b5 10. Nd5 Bg7 11. Bd3 Ne7 12. Nxe7 Qxe7 13. c4 f5 14. 0-0 Bb7 15. cxb5 a5 16. Qd2 f4 17. Bc4 0-0 18. Rfd1 Rab8 19. Bd5 Bc8 20. Rac1 Kh8 21. Qc3 Qg5 22. f3 Bf6 23. Nc4 Be7 24. b6 Bh3 25. Rc2 Rg8 26. Rdd2 Rg7 27. b7 Rbg8 28. Kf1 Qh5 29. Rf2 Bxg2+ 30. Ke2 Bh1 31. Nb6 Bh4 32. Kd3 Bxf2 33. Rxf2 Qh4 34. Qc2 Qh3 35. Qd1 Qh4 36. Rc2 Qh3 37. Qxh1 Rg1 38. Qxg1 Qxf3+ 39. Kc4 Rxg1 40. b8Q+ Kg7 41. Qe8 Qf1+ 42. Kb3 Kh6 43. Bc4 Qf3+ 44. Rc3 Qd1+ 45. Ka3 d5 46. Rh3+ Kg6 47. Qxe5 Rg5 48. Qd6+ f6 49. Nxd5 Rxd5 50. Qxd5 1-0

[Event "Bangkok Chinese New Year"]
[Site "Bangkok"]
[Date "2022.02.03"]
[Round "5"]
[White "Salvador, Louie"]
[Black "Arunnuntapanich, Tinnakrit"]
[Result "1-0"]
[WhiteElo "2151"]
[BlackElo "2159"]
[PlyCount "65"]
[EventDate "2022.02.01"]
[EventType "tourn"]
[EventRounds "7"]
[EventCountry "THA"]
[SourceTitle "CBM 206 Extra"]
[Source "ChessBase"]
[SourceDate "2022.03.31"]
[SourceVersion "1"]
[SourceVersionDate "2022.03.31"]
[SourceQuality "1"]

1. e4 e5 2. Nf3 Nc6 3. Bc4 Bc5 4. c3 Nf6 5. d4 exd4 6. e5 Ne4 7. Bd5 Nxf2 8. Kxf2 dxc3+ 9. Kg3 cxb2 10. Bxb2 0-0 11. Nbd2 Ne7 12. Be4 d5 13. exd6 Bxd6+ 14. Be5 Bxe5+ 15. Nxe5 Qd4 16. Nef3 Qd6+ 17. Kf2 Qb6+ 18. Kf1 Bf5 19. Qb3 Bxe4 20. Nxe4 Nf5 21. Qxb6 axb6 22. Kf2 Ra3 23. Rhe1 Rfa8 24. Re2 h5 25. Rc1 c6 26. Rcc2 b5 27. Nc5 R3a7 28. Rcd2 b6 29. Nd7 Ra6 30. Re5 g6 31. Nf6+ Kf8 32. Rde2 Kg7 33. Ne8+ 1-0

[Event "Bangkok Thailand op"]
[Site "Bangkok"]
[Date "2021.12.17"]
[Round "5"]
[White "Kulpruethanon, Thanadon"]
[Black "Salvador, Louie"]
[Result "1-0"]
[WhiteElo "2278"]
[BlackElo "2123"]
[PlyCount "97"]
[EventDate "2021.12.15"]
[EventType "swiss"]
[EventRounds "9"]
[EventCountry "THA"]
[SourceTitle "CBM 206 Extra"]
[Source "ChessBase"]
[SourceDate "2022.03.31"]
[SourceVersion "1"]
[SourceVersionDate "2022.03.31"]
[SourceQuality "1"]

1. Nf3 Nf6 2. g3 d5 3. Bg2 c5 4. 0-0 Nc6 5. d4 e6 6. c4 dxc4 7. dxc5 Qxd1 8. Rxd1 Bxc5 9. Nbd2 c3 10. bxc3 Ke7 11. Nb3 Bd6 12. Nfd2 Rd8 13. Nc4 Bc7 14. Ba3+ Ke8 15. Nc5 Nd5 16. Ne4 Nce7 17. Ned6+ Kf8 18. Nb5 Bd7 19. Nxc7 Nxc7 20. Bxb7 Ba4 21. Rd6 Nb5 22. Bxa8 Nxd6 23. Nxd6 Rxa8 24. Rb1 Bc6 25. Rb4 Kg8 26. Rc4 Rb8 27. f3 Rb6 28. Bc5 Ra6 29. Rb4 g5 30. Bd4 h6 31. Rb8+ Kh7 32. Nxf7 Nf5 33. Rh8+ Kg6 34. Ne5+ Kg7 35. Rc8 Nxd4 36. cxd4 Bd5 37. Rc7+ Kf8 38. Nd7+ Ke8 39. Nf6+ Kf8 40. Nxd5 exd5 41. Rc5 Rxa2 42. Kf2 a5 43. Rxd5 a4 44. Ra5 a3 45. Ra6 Kg7 46. g4 Ra1 47. Ke3 a2 48. Ke4 Kf7 49. Ke5 1-0

[Event "THA-chT op"]
[Site "Bangkok"]
[Date "2020.12.12"]
[Round "6.2"]
[White "Salvador, Louie"]
[Black "Maneesorn, Kankawee"]
[Result "1/2-1/2"]
[WhiteElo "2143"]
[BlackElo "1885"]
[PlyCount "92"]
[EventDate "2020.12.10"]
[EventType "team-swiss"]
[EventRounds "9"]
[EventCountry "THA"]
[SourceTitle "CBM 199 Extra"]
[Source "ChessBase"]
[SourceDate "2021.01.31"]
[SourceVersion "1"]
[SourceVersionDate "2021.01.31"]
[SourceQuality "1"]
[WhiteTeam "Big Rook Team"]
[BlackTeam "Chiang Mai"]
[WhiteTeamCountry "THA"]
[BlackTeamCountry "THA"]

1. e4 c6 2. d4 d5 3. Nd2 dxe4 4. Nxe4 Nd7 5. Bc4 e6 6. Nf3 Ngf6 7. Nxf6+ Nxf6 8. Qe2 Be7 9. Bd2 b5 10. Bd3 Qd5 11. a4 b4 12. a5 0-0 13. 0-0 Rb8 14. Bf4 Ra8 15. c4 bxc3 16. bxc3 Qh5 17. Ne5 Qxe2 18. Bxe2 Bd6 19. Bf3 Ba6 20. Rfc1 Nd5 21. Bg3 Bxe5 22. Bxe5 Rfd8 23. Rab1 Rac8 24. g4 f6 25. Bg3 c5 26. c4 Nb4 27. dxc5 Nd3 28. c6 Nxc1 29. Rxc1 Rd4 30. c5 Bb5 31. Bd6 Bxc6 32. Be2 Kf7 33. Rb1 Rd8 34. f3 R4xd6 35. cxd6 Rxd6 36. Rb8 Rd2 37. Kf1 Ra2 38. Rc8 Bd5 39. Rc7+ Kg6 40. Rxa7 Ra3 41. Kf2 Ra2 42. Ke3 Ra3+ 43. Kf2 Ra2 44. Ke1 Ra1+ 45. Kd2 Ra2+ 46. Ke3 Ra3+ 1/2-1/2